Model for evening economy management (Record no. 72179)

MARC details
000 -LEADER
fixed length control field 00835cam a2200193 4500
001 - CONTROL NUMBER
control field WB3908-12
008 - FIXED-LENGTH DATA ELEMENTS--GENERAL INFORMATION
fixed length control field 030227n2003 000 0 eng u
035 ## - SYSTEM CONTROL NUMBER
System control number (Sirsi) u121459
245 ## - TITLE STATEMENT
Title Model for evening economy management
260 ## - PUBLICATION, DISTRIBUTION, ETC.
Date of publication, distribution, etc. 2003
490 ## - SERIES STATEMENT
Series statement New Urban Futures
Volume/sequential designation (9) 20 February 2003, 2(1)
520 ## - SUMMARY, ETC.
Summary, etc. Research is being carried out by Camden council in conjunction with the London mayor which could lead to the introduction of the first entertainment management zone. This could provide a new model for balancing the needs of the evening economy with those of local residents. More information from http://www.london.gov.uk
590 ## - LOCAL NOTE (RLIN)
Local note WB
650 ## - SUBJECT ADDED ENTRY--TOPICAL TERM
Topical term or geographic name entry element CAMDEN COUNCIL
650 ## - SUBJECT ADDED ENTRY--TOPICAL TERM
Topical term or geographic name entry element ENTERTAINMENT SECTOR
650 ## - SUBJECT ADDED ENTRY--TOPICAL TERM
Topical term or geographic name entry element ENTERTAINMENT MANAGEMENT ZONES
690 ## - LOCAL SUBJECT ADDED ENTRY--TOPICAL TERM (OCLC, RLIN)
Topical term or geographic name as entry element PROPERTY-PROPERTY DEVELOPMENT
942 ## - ADDED ENTRY ELEMENTS (KOHA)
Suppress in OPAC 0
Holdings
Withdrawn status Lost status Source of classification or shelving scheme Damaged status Not for loan Home library Current library Shelving location Date acquired Total Checkouts Full call number Barcode Date last seen Copy number Price effective from Koha item type
    Dewey Decimal Classification     London London News article 27/02/2003   WB3908-12 121459-1001 06/08/2019 1 06/08/2019 News article